Tres textos de Màrius Gifreda /
MARC
| LEADER | 00000nam a2200000 i 4500 | ||
|---|---|---|---|
| 001 | 28596 | ||
| 003 | AGDB | ||
| 005 | 20260324181526.0 | ||
| 008 | 210625e202401 spc|||||r|||||0|| d|cat|c | ||
| 017 | |a B 3534-2024 |b Biblioteca de Catalunya | ||
| 020 | |a 9788419091369 | ||
| 040 | |a ES-BaIT |b cat |e rda |c ES-BaIT | ||
| 080 | |a 849.9-2"19" | ||
| 100 | 1 | |a Gifreda, Màrius, |d 1895-1958, |e autor |9 71633 | |
| 240 | 1 | 0 | |a Teatre. |k Seleccions |
| 245 | 1 | 0 | |a Tres textos de Màrius Gifreda / |c [Màrius Gifreda] ; edició a cura de Marc Soler |
| 250 | |a Primera edició | ||
| 264 | 1 | |a Barcelona : |b Institut del Teatre ; |c gener de 2024 | |
| 300 | |a 168 pàgines ; |c 23 cm | ||
| 336 | |a text |b txt |2 rdacontent | ||
| 337 | |a sense mediació |b n |2 rdamedia | ||
| 338 | |a volum |b nc |2 rdacarrier | ||
| 490 | |a Repertori teatral català | ||
| 505 | 8 | |t L'anònim blau (1931) | |
| 505 | 8 | |t L'assassinat d'un barret fort (1932?) | |
| 505 | 8 | |t Somni celestial (1948-1957) | |
| 533 | |a Recurs electrònic disponible a Reservori digital de l'Institut del Teatre (RedIT). | ||
| 700 | 2 | |a Soler Piquer, Marc |9 71634 |e editor literari | |
| 710 | 2 | |a Institut del Teatre (Barcelona, Catalunya), |e entitat editora |9 52662 | |
| 856 | 4 | 1 | |z Accés lliure (RedIT) |u https://redit.institutdelteatre.cat/handle/20.500.11904/1552 |
| 856 | 4 | 1 | |z Accés lliure (Llibreria de la Diputació de Barcelona) |u https://llibreria.diba.cat/cat/llibre/tres-textos-de-marius-gifreda_69869 |
| 908 | |a CDMAE | ||
| 940 | |a CDMAE | ||
| 942 | |2 udc |c ARXIU |n 1 | ||
| 952 | |0 0 |1 0 |4 0 |6 BIB1216 |7 1 |9 97427 |a Arxiu |b Arxiu |d 2024-09-30 |l 0 |o Bib-1216 |p 28596 |r 2024-09-30 00:00:00 |w 2024-09-30 |y ARXIU | ||
| 999 | |c 129302 |d 129302 | ||